000 00305nam a22001337a 4500
008 170627b xxu||||| |||| 00| 0 eng d
020 _a394307150
041 _aeng
080 _a328
100 _a21
101 _aSHP
245 _aA PRIMER ON GOVERNMENT SPENDING
_cHEILBRONER.R.L
942 _2udc
_cBK
999 _c19136
_d19136